| 000 | 01051nam a2200265 i 4500 | ||
|---|---|---|---|
| 003 | DO-SdBNP | ||
| 005 | 20240813112914.0 | ||
| 007 | ta | ||
| 008 | 200206b2002 dr ||||| |||| 00| 0 spadd | ||
| 020 | _a9993461350 | ||
| 040 |
_aDO-SdBNP _bspa _cBNPHU _erda |
||
| 082 | 4 | _222 | |
| 100 | 1 |
_aGómez Mazara, Guido, _d1967- _976755 _eautor |
|
| 245 | 1 | 0 |
_aEn la hoguera de las creencias / _cGuido Gómez Mazara ; prólogo, Roberto Cassá. |
| 264 |
_aSanto Domingo : _bBúho, _c2002. |
||
| 300 |
_a552 páginas ; _c23 cm. |
||
| 336 |
_2rdacontent _atexto _btxt |
||
| 337 |
_2rdamedia _asin mediación _bn |
||
| 338 |
_2rdacarrier _avolumen _bnc |
||
| 500 | _aLos artículos recogidos en este libro fueron publicados originalmente en los periódicos "El Nacional" (1994-1998) y "Listín Diario" (1999). | ||
| 505 |
_aPrólogo -- _tIdeas políticas y partidarias -- _tLa diáspora dominicana y la migración -- _tSobre política internacional -- _tOtras ideas. |
||
| 700 | 1 |
_aCassá, Roberto, _d1948- _eprólogo _910888 |
|
| 942 |
_2ddc _cLBS1 |
||
| 956 | _aLOPEREZ | ||
| 999 |
_c48823 _d48823 |
||